Modemy z pohledu uživatele

Prednosti a výhody špeciálneho zariadenia na prenos informácií - modemu. Združovanie faxu a modemu - faxmodem. Triedy a skupiny faxmodemu. Ovládací software. Elektronická pošta E-mail, verejné a súkromné služby E-mailu. Možnosti využitia modemu a faxmodemu.

Gespeichert in:
Bibliographische Detailangaben
1. Verfasser: Donát, J.
Format: Buchkapitel
Sprache:Tschechisch
Schlagworte:
Tags: Tag hinzufügen
Keine Tags, Fügen Sie das erste Tag hinzu!

MARC

LEADER 00000naa a2200000 4500
001 r023966
005 20221213083149.0
041 0 |a cze 
044 |a CZ 
245 1 0 |a Modemy z pohledu uživatele  |c J. Donát 
520 |a Prednosti a výhody špeciálneho zariadenia na prenos informácií - modemu. Združovanie faxu a modemu - faxmodem. Triedy a skupiny faxmodemu. Ovládací software. Elektronická pošta E-mail, verejné a súkromné služby E-mailu. Možnosti využitia modemu a faxmodemu. 
610 2 0 |a modemy 
610 2 0 |a prenos dát 
610 2 0 |a telekomunikácie 
610 2 0 |a softvér 
610 2 0 |a E-mail 
610 2 0 |a pošta elektronická 
610 2 0 |a siete počítačové 
100 1 |a Donát, J.